Statistiques concernant 11 dominantes de l'EIGSI

Cliquez ici pour prendre le quiz!

Statistiques générales

  • Ce quiz a été pris 3 fois
  • Le résultat moyen est 6 sur 11

Statistiques - réponses

Réponse% Correct
6Mécatronique
100%
2Performance Industrielle
100%
5Bâtiments et Travaux Publics
67%
1Conception Mécanique et Industrialisation
67%
3Energie et Environnement
67%
11Ingénérie de la Santé
67%
10Numérique Responsable
67%
4Architecture des Réseaux et Systèmes d'Information
33%
8Entreprise du Futur
33%
9Intelligence Artificielle et Big Data
33%
7Management de la Supply Chain et Transport International
0%

Distribution des résultats

Percentile par nombre de réponses

% des personnes avec chaque résultat

Votre développement - résultats

Vous n’avez pas pris ce quiz